000 00849cam a2200229 a 4500
005 20180312142002.0
008 040130s2004 xxua gr 000 j eng
020 _a0439568676
040 _aCO-BoUCM
_cJose A. Gerena
_dDiana Londoño
_bspa
041 _aeng
100 1 _aBarnes, Derrick D.
_959287
245 1 4 _aThe low-down, bad-day blues
_cDerrick D. Barnes ; ilustraciones de Aaron Boyd
260 _aNueva York (Estados Unidos)
_bScholastic
_c2004
300 _a32 páginas
_bilustraciones a color
490 0 _aJust for you!
_nLevel 1
_959282
650 1 _aLiteratura infantil estadounidense
_918685
650 7 _aLibros ilustrados para niños
_918516
690 _942862
_aLiteratura estadounidense
700 1 _aBoyd, Aaron
_eilustrador
_959291
942 _a18
_cLIBRO
_e1
_mB261l
_2DEWEY
_h818.54
_n0
999 _c240432
_d240432